Un mirar, un decir, un sentir en la mediación educativa /

De la teoría a la práctica, de la práctica a la teoría, así surgió este programa de educación para la paz y mediación en las escuelas; colegas docentes que sugieren su publicación, el tiempo maduro que llega para hacerlo... Desde la teoría, la filosofía de pensadores de la talla de Krishnamurti, Dav...

Full description

Bibliographic Details
Main Author: Ramos Mejía, Cecilia
Format: Libro
Language:Spanish
Published: Buenos Aires Librería histórica 2003
Series:Visión Compartida 1
Subjects:
Online Access:

MARC

LEADER 00000cam a2200000 a 4500
001 014080
003 UAHC_CL
005 20170803121105.0
008 060731b2003 ag 000 spa
020 |a 9872104433 
040 |a UAHC_CL  |c UAHC_CL  |d UAHC_CL 
100 1 |a Ramos Mejía, Cecilia 
245 1 3 |a Un mirar, un decir, un sentir en la mediación educativa /  |c Cecilia Ramos Mejía. 
260 |b Librería histórica  |a Buenos Aires  |c 2003 
300 |a 368 p. 
490 0 |a Visión Compartida  |v 1 
520 |a De la teoría a la práctica, de la práctica a la teoría, así surgió este programa de educación para la paz y mediación en las escuelas; colegas docentes que sugieren su publicación, el tiempo maduro que llega para hacerlo... Desde la teoría, la filosofía de pensadores de la talla de Krishnamurti, David Bohm, Leonardo Boff, la psicología humanista de Carl Rogers, la programación neurolingüistica y la pedagogía son algunas fuentes de la propuesta. Desde la práctica, una experiencia maravillosa de recorrer el país capacitando a docentes muchos de ellos formadores de alumnos mediadores. 
650 4 |a SOLUCION DE PROBLEMAS 
650 4 |a MEDIACION 
650 4 |a RELACIONES HUMANAS 
650 4 |a ADMINISTRACION DE CONFLICTOS 
653 |a TRABAJO SOCIAL 
658 |a Hernández, Jeannette 
900 |a 370.115 RAMM 
942 |c BK 
952 |0 0  |1 0  |4 0  |6 370_115000000000000_RAMM  |7 0  |8 General  |9 28221  |a BC  |b BC  |c General  |d 2017-08-03  |o 370.115 RAMM  |p 1355863  |r 2026-01-13 00:00:00  |t 1  |w 2017-08-03  |y BK 
952 |0 0  |1 0  |4 0  |6 370_115000000000000_RAMM  |7 0  |8 General  |9 28222  |a BC  |b BC  |c General  |d 2017-08-03  |o 370.115 RAMM  |p 1355864  |r 2026-01-13 00:00:00  |t 2  |w 2017-08-03  |y BK 
999 |c 14080  |d 14080